书目信息 |
| 题名: |
Effective MySQL之深入解析复制技术
|
|
| 作者: | 布拉德福 , 施耐德 著 ;李雪锋 , 陈建鸿 译 | |
| 分册: | ||
| 出版信息: | 北京 清华大学出版社 2014 |
|
| 页数: | 329页 | |
| 开本: | 21cm | |
| 丛书名: | ||
| 单 册: | ||
| 中图分类: | TP311.138SQ , TP311.138 | |
| 科图分类: | ||
| 主题词: | 关系数据库系统--Guan Xi Shu Ju Ku Xi Tong | |
| 电子资源: | ||
| ISBN: | 978-7-302-34665-4 | |
| 000 | 01339nam0 2200337 450 | |
| 001 | 1674071679 | |
| 005 | 20161104161509.85 | |
| 010 | @a978-7-302-34665-4@dCNY39.00 | |
| 100 | @a20131230d2014 em y0chiy0120 ea | |
| 101 | 1 | @achi@ceng |
| 102 | @aCN@b110000 | |
| 105 | @aak z 000yy | |
| 106 | @ar | |
| 200 | 1 | @aEffective MySQL之深入解析复制技术@AEffective MySQL Zhi Shen Ru Jie Xi Fu Zhi Ji Shu@f(美) Ronald Bradford, Chris Schneider著@g李雪锋, 陈建鸿译 |
| 210 | @a北京@c清华大学出版社@d2014 | |
| 215 | @a329页@c图@d21cm | |
| 306 | @a由麦格劳-希尔(亚洲)教育出版公司和清华大学出版社有限公司合作出版 | |
| 312 | @a英文原文题名取自于封面 | |
| 314 | @a责任者Bradford规范汉译姓: 布拉德福 ; 责任者Schneider规范汉译姓: 施耐德 | |
| 330 | @aMySQL数据库由于性能高、成本低、可靠性好等特点,已经成为最流行的开源关系型数据库产品。 | |
| 333 | @a本书适用于数据库研究人士阅读参考。 | |
| 500 | 10 | @aEffective MySQL : relication techniques in depth@mChinese |
| 606 | 0 | @a关系数据库系统@AGuan Xi Shu Ju Ku Xi Tong |
| 690 | @aTP311.138SQ@v5 | |
| 690 | @aTP311.138@v4 | |
| 701 | 1 | @a布拉德福@ABu La De Fu@g(Schneider, Chris)@4著 |
| 701 | 1 | @a施耐德@AShi Nai De@g(Bradford, Ronald)@4著 |
| 702 | 0 | @a李雪锋@ALi Xue Feng@4译 |
| 702 | 0 | @a陈建鸿@AChen Jian Hong@4译 |
| 801 | 0 | @aCN@b江苏新华@c20150511 |
| 905 | @aBZT@dTP311.138@e54 | |
| Effective MySQL之深入解析复制技术/(美) Ronald Bradford, Chris Schneider著/李雪锋, 陈建鸿译.-北京:清华大学出版社,2014 |
| 329页:图;21cm |
| 使用对象:本书适用于数据库研究人士阅读参考。 |
| ISBN 978-7-302-34665-4:CNY39.00 |
| MySQL数据库由于性能高、成本低、可靠性好等特点,已经成为最流行的开源关系型数据库产品。 |
| ● |
| 相关链接 |
|
|
|
正题名:Effective MySQL之深入解析复制技术
索取号:TP311.138/54
 
预约/预借
| 序号 | 登录号 | 条形码 | 馆藏地/架位号 | 状态 | 备注 |
| 1 | 800534 | 2000800534 | 第二书库/ [索取号:TP311.138/54] | 在馆 | |
| 2 | 800535 | 2000800535 | 第二书库/ [索取号:TP311.138/54] | 在馆 | |
| 3 | 800536 | 2000800536 | 第二书库/ [索取号:TP311.138/54] | 在馆 |